[Event "Central-SRB chT 2018"]
[Site "Kragujevac"]
[Date "2018.09.18"]
[Round "7"]
[White "Perunovic, Miodrag"]
[Black "Mladenovic, Stefan"]
[Result "1-0"]
[WhiteElo "2433"]
[BlackElo "2355"]
[Annotator "TA"]
[PlyCount "183"]
[EventDate "2018.09.14"]
[EventType "team-tourn"]
[EventCountry "SRB"]
[SourceTitle "playchess.com"]
[Source "ChessBase"]
[SourceQuality "1"]

{[%evp 19,183,41,42,42,43,31,34,8,17,10,46,53,71,29,56,54,68,64,55,65,70,65,60,66,55,70,77,74,72,72,91,69,79,72,72,73,129,116,120,116,197,202,225,231,374,371,350,376,375,381,364,370,330,347,676,612,602,548,1166,1125,1075,931,6087,2347,12849,12850,12850,29941,12850,12850,12850,12851,29954,29942,12841,51,51,51,12850,29937,29943,29946,29944,29941,29946,29946,29946,29948,29947,29948,29949,29945,29951,29952,29953,29952,29950,29948,29946,8,29945,29950,29952,29951,29953,29951,12847,12851,29955,29957,29956,29960,29958,29960,29960,29960,29960,29962,29962,29961,29962,29962,29963,29963,29963,29964,29962,29956,29953,29953,29963,29963,29970,29970,29969,29971,29971,29972,29971,29973,29973,29974,29974,29975,29975,29976,29976,29977,29981,29980,29980,29975,29975,29977,29978,29979,29979,29980,29977,29981,29983,29983,29986,29987,29990,29991]} 1. d4 Nf6 2. c4 e6 3. Nf3 b6 4. g3 Ba6 5. Qc2 Bb4+ 6. Bd2 {E15: Queen's Indian: 4 g3 sidelines, 4 g3 Ba6 and 4 g3 Bb7 early deviations} Be7 7. e4 d5 8. cxd5 Bxf1 9. Kxf1 exd5 10. e5 Ne4 {LiveBook: 136 Games} 11. Nc3 {[%cal Bb1c3,Bc3e2,Be2f4][%mdl 32]} Nxd2+ 12. Nxd2 Qd7 13. Rc1 O-O {[#]} 14. Qa4 $146 {Hoping for Qxd7.} c6 15. Kg2 a5 16. Ne2 (16. Nf3 {is more complex.} b5 17. Qc2 Na6 18. Ne2 Rfc8 19. Nf4) 16... c5 17. Qxd7 $1 Nxd7 18. Nf3 Rfd8 19. Nf4 Nf8 20. dxc5 $1 bxc5 21. Rhd1 d4 22. Nd3 Ne6 23. Nd2 a4 24. Ne4 {[%cal Re4c5]} Ra5 25. Rd2 h5 26. Rdc2 Rc8 27. f4 g6 (27... f5 $142 28. Nd6 Bxd6 29. exd6 Rd8) 28. Kf3 Kf8 29. h3 {[%cal Bh2h3,Bh3g4,Bg4f5][%mdl 32]} Ke8 (29... Kg7 $16) 30. g4 $18 hxg4+ 31. hxg4 Kd7 (31... Raa8 {keeps fighting.} 32. Nf6+ (32. Ndxc5 d3 $17) (32. Nexc5 Nxc5 33. Nxc5 Rxc5 $16) 32... Bxf6) 32. f5 gxf5 33. gxf5 Ng5+ 34. Nxg5 Bxg5 35. Rxc5 Raxc5 36. Rxc5 Rxc5 $2 (36... Rh8 37. e6+ Kd6 38. exf7 Rf8) 37. Nxc5+ {[%mdl 4096] Endgame KB-KN} Kc6 38. Nxa4 Kd5 {[#]} 39. e6 $1 fxe6 40. fxe6 d3 41. Nc3+ Kxe6 42. Ke4 $1 {[%cal Re4d3]} d2 43. Kd3 $1 {[%cal Rd3c2]} Ke5 44. Kc2 $1 Kd4 45. Nb1 $1 {[%cal Rb1d2]} d1=Q+ 46. Kxd1 Kd3 47. Nc3 $2 (47. Na3 $1 $18 {[%cal Ra3c2] Strongly threatening Nc2.} Bf6 48. Kc1) 47... Bf6 $14 48. Na4 Bg7 $2 {[%mdl 8192]} (48... Be5 $14 49. Kc1 Bf4+ 50. Kb1 Bg3) 49. Kc1 $1 $18 Bd4 50. Kb1 Be3 51. Nc3 Bd4 52. Nb5 Be5 53. Na3 Bd6 54. Nc2 $1 Be7 55. a3 Bd6 56. Na1 $1 {[%cal Ra1b3]} Be7 57. Ka2 Kc4 58. Nc2 Bc5 {[#]} 59. Kb1 $2 (59. Ne1 $1 {mates} Ba7 60. Nf3 Bb8 61. b3+ Kd3 62. Kb2 Bd6 63. a4 Bc7 64. Ng5) 59... Bd6 $2 {[%mdl 8192] [#]} (59... Be7 $11) 60. Na1 $1 Kd3 61. Nb3 Be7 62. Na5 Bd6 63. Nc6 Bf8 64. Ka2 {White mates.} Kc4 65. Ne5+ Kd5 66. Ng6 Bd6 67. Kb3 Kc5 68. Nh4 Kb5 69. Nf5 Bc5 70. Ng3 Bf8 71. Ne4 Be7 72. Nc3+ Kc5 73. Ka4 Kc4 74. Nd1 Bf6 75. b3+ Kc5 76. Ne3 Bg5 77. Nc4 Bf4 78. Na5 Bg3 79. b4+ Kb6 80. Nc4+ Kc6 81. Kb3 Bf4 82. a4 {[%cal Ba3a4,Ba4a5][%mdl 32]} Bc7 83. a5 Bd8 84. Ka4 Bh4 85. Ne5+ Kd5 86. Nf3 Bf2 87. Kb5 Be3 88. Ka6 Kc6 89. b5+ {[%cal Bb4b5,Bb5b6,Bb6b7][%mdl 32]} Kc7 90. Ne5 Kb8 91. b6 Ka8 92. b7+ {Precision: White = 80%, Black = 32%.} 1-0

[Event "Central-SRB chT 2018"]
[Site "Kragujevac"]
[Date "2018.09.18"]
[Round "7"]
[White "Radovanovic, Mihajlo"]
[Black "Manic, Jovica"]
[Result "1-0"]
[WhiteElo "2427"]
[BlackElo "2255"]
[Annotator "TA"]
[PlyCount "61"]
[EventDate "2018.09.14"]
[EventType "team-tourn"]
[EventCountry "SRB"]
[SourceTitle "playchess.com"]
[Source "ChessBase"]
[SourceQuality "1"]

{[%evp 23,61,57,60,56,60,38,79,80,81,72,85,80,77,78,79,57,67,47,48,20,81,74,103,101,122,116,130,125,164,99,145,128,148,152,445,258,548,555,602,596]} 1. Nf3 Nf6 2. c4 c6 3. d4 d6 4. g3 Nbd7 5. Nc3 e5 6. Qc2 Be7 7. Bg2 O-O 8. O-O Re8 9. Rd1 Qc7 10. h3 Bf8 11. e4 a6 {A54: Old Indian Defence with Nf3, but without e4} 12. Be3 b6 {LiveBook: 4 Games} (12... b5 13. cxb5 cxb5 14. a3 Bb7 15. d5 Rac8 16. Qe2 Qb8 17. Nd2 Be7 18. h4 Rc7 19. Nb3 Bd8 20. Rac1 h5 {0-1 (39) Markus,R (2623)-Cabrilo,G (2547) Belgrade 2014}) 13. a3 Bb7 {White is slightly better.} 14. d5 cxd5 $146 ({Predecessor:} 14... Rac8 15. Rac1 Qb8 16. Nd2 b5 17. b3 Be7 18. Qa2 cxd5 19. exd5 {0-1 (60) Peter,A (2455)-Dumitrache,D (2495) Hungary 1998}) 15. cxd5 Rec8 16. Rdc1 Qd8 17. Nd2 g6 18. Bf1 h5 19. Bg5 Be7 20. h4 Ng4 21. Nf3 f6 (21... Bxg5 $11 22. Nxg5 b5) 22. Bd2 $16 Bf8 23. Bh3 Nh6 24. Qd1 b5 25. Nh2 Bg7 26. Qf3 (26. Be6+ $18 Kh8 27. g4) 26... Rc7 27. Ne2 Rxc1+ 28. Rxc1 ({But not} 28. Nxc1 $6 f5 $14) 28... Nb6 $2 {[#]} (28... f5 $16 {keeps fighting.}) 29. Ba5 (29. Be6+ $142 Kh7 30. Ba5) 29... Rb8 $2 (29... f5 {was necessary.} 30. exf5 Nxf5) 30. Qe3 Ba8 31. Bxb6 {Precision: White = 78%, Black = 36%.} 1-0

[Event "Central-SRB chT 2018"]
[Site "Kragujevac"]
[Date "2018.09.18"]
[Round "7"]
[White "Dudukovic, Nikola"]
[Black "Marinkovic, Ivan"]
[Result "1-0"]
[WhiteElo "2404"]
[BlackElo "2459"]
[Annotator "TA"]
[PlyCount "152"]
[EventDate "2018.09.14"]
[EventType "team-tourn"]
[EventCountry "SRB"]
[SourceTitle "playchess.com"]
[Source "ChessBase"]
[SourceQuality "1"]

{[%evp 18,152,26,26,19,37,39,33,32,23,27,24,28,23,41,9,18,16,12,14,18,10,19,14,26,0,6,-3,0,-10,-8,-7,-20,-7,-4,-10,-15,-9,-8,-25,-7,-10,-15,-13,-9,-16,-13,-18,0,0,0,-6,0,0,0,0,0,0,0,0,0,0,0,-12,-14,-6,-6,-6,-6,-6,-6,-17,0,-24,0,0,77,77,70,70,70,70,70,70,70,68,156,100,108,112,107,100,100,100,108,102,112,29,29,7,7,7,7,7,8,0,14,0,0,0,0,0,0,0,0,0,0,0,0,0,14,14,14,14,29,56,78,102,180,209,231,297,29974,29976,29976,29977,29976]} 1. Nf3 Nf6 2. g3 b6 3. Bg2 Bb7 4. O-O g6 5. c4 c5 6. Nc3 Bg7 7. d4 cxd4 8. Qxd4 d6 9. Rd1 Nbd7 10. Be3 Nc5 {A30: Symmetrical English: Double Fianchetto and Hedgehog} (10... Rc8 11. Rac1 O-O 12. Qh4 a6 13. b3 Rc7 14. Ne1 Qa8 15. Bxb7 Qxb7 16. Ng2 Rc6 17. Nd5 Nxd5 18. cxd5 Rxc1 19. Rxc1 Nf6 20. Nf4 {0-1 (32) Lalith,B (2587)-Tomashevsky,E (2716) Doha 2016}) 11. Rac1 Nce4 12. Nxe4 Bxe4 {White is slightly better.} 13. b3 $146 ({Predecessor:} 13. Bg5 Bb7 14. b3 Qc7 15. Bh3 Qc5 16. Bg2 Qxd4 17. Nxd4 Bxg2 18. Kxg2 {½-½ (47) Bogosavljevic,B (2580)-Marinkovic,I (2514) Belgrade 2015}) 13... O-O 14. Bg5 Bb7 15. Qh4 Rc8 16. Bh6 Rc5 17. Bxg7 Kxg7 18. Qd4 Qa8 19. Qe3 Rc7 20. Rd4 h5 21. h3 Qc8 22. Rcd1 Re8 23. Ne1 Bxg2 24. Kxg2 b5 25. cxb5 Qb7+ $1 26. Nf3 Qxb5 27. Ra4 a5 28. Qd3 Rb8 29. Qe3 Qc5 30. Qxc5 Rxc5 31. Rdd4 d5 32. Ne5 Rbc8 33. f3 Ne8 34. Rd2 Nd6 35. Nd3 Rb5 36. Nf4 Rcc5 37. g4 hxg4 38. hxg4 g5 39. Nd3 Rc7 40. Rd4 e6 41. Nf2 Ne8 42. Nd3 Rc3 43. Kf2 Nc7 44. Ra4 Kf6 45. e4 e5 46. Nb2 Ne6 {[#]} (46... Ke6 $11) 47. Nd1 $1 $16 {[%cal Rd1c3]} Rcc5 48. exd5 $1 Rxd5 49. Rxd5 Rxd5 $14 {[%mdl 4096] Endgame KRN-KRN} 50. Nc3 Rd3 51. Ne4+ Kg6 (51... Kg7 $1 $14) 52. Rxa5 $16 Nd4 53. Ra6+ Kg7 54. Nxg5 f6 55. Ne6+ Nxe6 56. Rxe6 {Threatens to win with g5. KR-KR} Rd2+ 57. Kg3 (57. Ke3 $16 Rxa2 58. Rb6) 57... Rxa2 $11 58. g5 fxg5 59. Rxe5 Kf6 60. Rb5 Rd2 61. b4 Rd4 62. Rb8 {And now b5 would win.} Rd2 63. Rb6+ Kf5 64. Rb5+ Kf6 65. Rc5 Rb2 66. b5 Kg6 67. Rc6+ Kf5 68. Rb6 Rb3 69. Rb8 {Hoping for b6.} Rb2 70. b6 Kf6 71. Kg4 {b7 is the strong threat.} Rb4+ {[#]} 72. Kh3 $1 {Strongly threatening b7.} Rb3 (72... Rb2 $16 73. b7 Kg7) 73. Kg2 $18 Rb2+ 74. Kf1 Ke7 $2 (74... Kg6 $18 75. b7 Kh7) 75. b7 Kd7 76. Rg8 Rxb7 {Precision: White = 58%, Black = 66%.} 1-0

[Event "Central-SRB chT 2018"]
[Site "Kragujevac"]
[Date "2018.09.18"]
[Round "7"]
[White "Mijailovic, Zoran"]
[Black "Jovanovic, Bojan P"]
[Result "1/2-1/2"]
[WhiteElo "2400"]
[BlackElo "2275"]
[Annotator "RC"]
[PlyCount "114"]
[EventDate "2018.09.14"]
[EventType "team-tourn"]
[EventCountry "SRB"]
[SourceTitle "playchess.com"]
[Source "ChessBase"]
[SourceQuality "1"]
[TimeControl "40/5400+30:1800+30"]

1. d4 {[%emt 0:00:00]} g6 {[%emt 0:00:00]} 2. e4 {[%emt 0:00:00]} Bg7 {[%emt 0:00:00]} 3. c4 {[%emt 0:00:20]} d6 {[%emt 0:00:00]} 4. Nc3 {[%emt 0:00:18]} e5 {[%emt 0:00:47]} 5. Nf3 {[%emt 0:00:19]} Bg4 {[%emt 0:00:58]} 6. d5 {[%emt 0:00:21]} Bxf3 {[%emt 0:00:37]} 7. Qxf3 {[%emt 0:00:55]} Nd7 {[%emt 0:04:58]} 8. h4 {[%emt 0:08:56]} h5 {[%emt 0:01:33]} 9. g3 {[%emt 0:03:09]} Bh6 {[%emt 0:00:32]} 10. Bh3 {[%emt 0:04:31]} Bxc1 {[%emt 0:00:48]} 11. Rxc1 {[%emt 0:00:24]} a5 {[%emt 0:00:12]} 12. Na4 {[%emt 0:07:07]} Nc5 {[%emt 0:04:05]} 13. Nxc5 {[%emt 0:01:29]} dxc5 {[%emt 0:00:11]} 14. Qe3 {[%emt 0:01:42]} Qe7 {[%emt 0:03:37]} 15. f4 {[%emt 0:06:29]} Nf6 {[%emt 0:02:12]} 16. O-O {[%emt 0:05:07]} O-O {[%emt 0:06:35]} 17. f5 {[%emt 0:07:06]} Kg7 {[%emt 0:04:56]} 18. Rc2 {[%emt 0:07:42]} Ra6 {[%emt 0:21:02]} 19. Rcf2 {[%emt 0:07:14]} Nh7 {[%emt 0:04:25]} 20. fxg6 {[%emt 0:03:04]} fxg6 {[%emt 0:05:58]} 21. Be6 {[%emt 0:00:28]} Rxf2 {[%emt 0:02:41]} 22. Rxf2 {[%emt 0:00:18]} Nf6 {[%emt 0:00:27]} 23. Qg5 {[%emt 0:08:00]} Rxe6 {[%emt 0:00:13]} 24. dxe6 {[%emt 0:00:09]} Qxe6 {[%emt 0:00:03]} 25. Rf1 {[%emt 0:05:01]} Qd6 {[%emt 0:04:20]} 26. Qe3 {[%emt 0:03:41]} Qd4 {[%emt 0:02:45]} 27. Qxd4 {[%emt 0:00:18]} cxd4 {[%emt 0:00:06]} 28. Re1 {[%emt 0:00:52]} c5 {[%emt 0:00:55]} 29. Kf2 {[%emt 0:01:20]} Kf7 {[%emt 0:00:17]} 30. Kf3 {[%emt 0:00:46]} Ke6 {[%emt 0:01:15]} 31. Rd1 {[%emt 0:01:02]} Kd6 {[%emt 0:00:24]} 32. Rb1 {[%emt 0:04:22]} Ng4 {[%emt 0:01:17]} 33. Ke2 {[%emt 0:00:37]} Ne3 {[%emt 0:00:22]} 34. Kd3 {[%emt 0:00:39]} Kc6 {[%emt 0:01:50]} 35. Re1 {[%emt 0:03:25]} b5 {[%emt 0:05:05]} 36. b3 {[%emt 0:00:20]} b4 {[%emt 0:02:22]} 37. Re2 {[%emt 0:03:05]} Ng4 {[%emt 0:00:06]} 38. a3 {[%emt 0:00:31]} bxa3 {[%emt 0:00:11]} 39. Ra2 {[%emt 0:00:28]} Kb6 {[%emt 0:00:16]} 40. Ke2 {[%emt 0:00:00]} Ka6 {[%emt 0:00:00]} 41. Rxa3 {[%emt 0:00:54]} Kb6 {[%emt 0:02:15]} 42. Ra1 {[%emt 0:00:50]} Ne3 {[%emt 0:00:11]} 43. Kd3 {[%emt 0:04:05]} Ka6 {[%emt 0:01:03]} 44. Ra2 {[%emt 0:00:55]} Ng4 {[%emt 0:00:27]} 45. Rd2 {[%emt 0:01:09]} Kb6 {[%emt 0:00:17]} 46. Rc2 {[%emt 0:02:45]} Kc6 {[%emt 0:00:39]} 47. Ke2 {[%emt 0:02:03]} Kb6 {[%emt 0:00:32]} 48. Rc1 {[%emt 0:00:44]} Ne3 {[%emt 0:00:14]} 49. Ra1 {[%emt 0:03:45]} Ka6 {[%emt 0:00:11]} 50. Rh1 {[%emt 0:00:10]} Kb6 {[%emt 0:00:08]} 51. Kd3 {[%emt 0:06:36]} Kc6 {[%emt 0:01:10]} 52. Re1 {[%emt 0:00:28]} Kb6 {[%emt 0:00:13]} 53. Ra1 {[%emt 0:00:13]} Ka6 {[%emt 0:00:06]} 54. Rh1 {[%emt 0:00:47]} Kb6 {[%emt 0:00:37]} 55. g4 hxg4 56. h5 gxh5 57. Rxh5 g3 1/2-1/2

[Event "Central-SRB chT 2018"]
[Site "Kragujevac"]
[Date "2018.09.18"]
[Round "7"]
[White "Radivojevic, Ivan"]
[Black "Todorovic, Nenad I"]
[Result "1/2-1/2"]
[WhiteElo "2360"]
[BlackElo "2291"]
[Annotator "ChessBase"]
[PlyCount "28"]
[EventDate "2018.09.14"]
[EventType "team-tourn"]
[EventCountry "SRB"]
[SourceTitle "playchess.com"]
[Source "ChessBase"]
[SourceQuality "1"]
[TimeControl "40/5400+30:1800+30"]

1. e4 {[%emt 0:00:00]} c5 {[%emt 0:00:00]} 2. Nc3 {[%emt 0:00:00]} Nc6 {[%emt 0:00:16]} 3. Nge2 {[%emt 0:02:42]} e5 {[%emt 0:14:01]} 4. Nd5 {[%emt 0:00:20]} Nge7 {[%emt 0:05:48]} 5. Nec3 {[%emt 0:00:58]} d6 {[%emt 0:06:24]} 6. Bc4 {[%emt 0:03:34]} Nxd5 {[%emt 0:00:24]} 7. Nxd5 {[%emt 0:01:34]} Be7 {[%emt 0:01:18]} 8. d3 {[%emt 0:04:28]} O-O {[%emt 0:01:27]} 9. O-O {[%emt 0:00:09]} Be6 {[%emt 0:03:13]} 10. c3 {[%emt 0:08:35]} Rb8 {[%emt 0:12:04]} 11. a4 {[%emt 0:03:15]} Bg5 {[%emt 0:01:52]} 12. Be3 {[%emt 0:09:42]} Bxe3 {[%emt 0:03:54]} 13. Nxe3 {[%emt 0:00:21]} Qd7 {[%emt 0:00:47]} 14. Qd2 {[%emt 0:06:43]} Rbc8 {[%emt 0:12:55]} 1/2-1/2

[Event "Central-SRB chT 2018"]
[Site "Kragujevac"]
[Date "2018.09.18"]
[Round "7"]
[White "Markovic, Zoran S"]
[Black "Gavrilovic, Leonardo"]
[Result "1/2-1/2"]
[WhiteElo "2346"]
[BlackElo "2243"]
[Annotator "ChessBase"]
[PlyCount "90"]
[EventDate "2018.09.14"]
[EventType "team-tourn"]
[EventCountry "SRB"]
[SourceTitle "playchess.com"]
[Source "ChessBase"]
[SourceQuality "1"]
[TimeControl "40/5400+30:1800+30"]

1. e4 Nf6 {[%emt 0:00:00]} 2. e5 {[%emt 0:00:00]} Nd5 3. d4 {[%emt 0:00:00]} d6 {[%emt 0:00:00]} 4. Nf3 {[%emt 0:00:00]} g6 {[%emt 0:00:34]} 5. Bc4 {[%emt 0:00:45]} Nb6 {[%emt 0:00:45]} 6. Bb3 {[%emt 0:00:18]} Bg7 {[%emt 0:00:13]} 7. a4 {[%emt 0:00:51]} a5 {[%emt 0:00:07]} 8. Qe2 {[%emt 0:02:02]} Nc6 {[%emt 0:03:08]} 9. O-O {[%emt 0:04:55]} d5 {[%emt 0:00:11]} 10. h3 {[%emt 0:01:50]} O-O {[%emt 0:00:20]} 11. c3 {[%emt 0:05:33]} f6 {[%emt 0:06:38]} 12. exf6 {[%emt 0:06:48]} exf6 {[%emt 0:00:09]} 13. Re1 {[%emt 0:05:06]} Bd7 {[%emt 0:02:06]} 14. Bf4 {[%emt 0:02:13]} Re8 {[%emt 0:00:33]} 15. Qd2 {[%emt 0:01:17]} Ne7 {[%emt 0:02:16]} 16. Re2 {[%emt 0:06:28]} Bc6 {[%emt 0:05:22]} 17. Ne1 {[%emt 0:02:52]} Nc4 {[%emt 0:01:06]} 18. Qc2 {[%emt 0:06:46]} Qd7 {[%emt 0:04:03]} 19. Nd3 {[%emt 0:02:58]} b6 {[%emt 0:00:23]} 20. Nd2 {[%emt 0:03:00]} Nxd2 {[%emt 0:00:20]} 21. Qxd2 {[%emt 0:00:28]} Nf5 {[%emt 0:02:22]} 22. Rae1 Kf7 {[%emt 0:01:12]} 23. Bc2 {[%emt 0:11:45]} Nd6 {[%emt 0:00:32]} 24. Rxe8 {[%emt 0:00:22]} Rxe8 {[%emt 0:00:28]} 25. Rxe8 {[%emt 0:00:20]} Kxe8 {[%emt 0:00:30]} 26. b3 {[%emt 0:04:07]} Bf8 {[%emt 0:01:38]} 27. f3 {[%emt 0:09:11]} Qc8 {[%emt 0:08:54]} 28. Nf2 {[%emt 0:03:56]} Bd7 {[%emt 0:01:16]} 29. Ng4 {[%emt 0:02:38]} Kf7 {[%emt 0:03:30]} 30. Bg3 {[%emt 0:02:20]} Nf5 {[%emt 0:03:46]} 31. Bxf5 {[%emt 0:05:21]} Bxf5 {[%emt 0:00:11]} 32. Nh6+ {[%emt 0:01:05]} Kg7 {[%emt 0:05:58]} 33. Qf4 {[%emt 0:02:33]} Bc2 {[%emt 0:00:11]} 34. Ng4 {[%emt 0:00:53]} Be7 {[%emt 0:00:27]} 35. Qxc7 {[%emt 0:00:55]} Qe6 {[%emt 0:00:24]} 36. c4 {[%emt 0:06:02]} Bxb3 {[%emt 0:00:11]} 37. c5 bxc5 {[%emt 0:00:06]} 38. dxc5 {[%emt 0:00:34]} h5 {[%emt 0:02:19]} 39. Nf2 {[%emt 0:01:31]} Bxa4 {[%emt 0:01:52]} 40. Bd6 {[%emt 0:00:00]} Kf8 {[%emt 0:00:00]} 41. Bxe7+ {[%emt 0:07:02]} Qxe7 {[%emt 0:02:12]} 42. Qxa5 {[%emt 0:00:07]} Bd7 {[%emt 0:03:42]} 43. Qc3 {[%emt 0:07:37]} Kf7 {[%emt 0:01:33]} 44. f4 {[%emt 0:01:57]} Qe2 {[%emt 0:04:51]} 45. c6 {[%emt 0:05:02]} Bxc6 {[%emt 0:00:09]} 1/2-1/2

[Event "Central-SRB chT 2018"]
[Site "Kragujevac"]
[Date "2018.09.18"]
[Round "7"]
[White "Paunovic, Tomislav"]
[Black "Djordjevic, Vuk"]
[Result "1/2-1/2"]
[WhiteElo "2340"]
[BlackElo "2404"]
[Annotator "ChessBase"]
[PlyCount "102"]
[EventDate "2018.09.14"]
[EventType "team-tourn"]
[EventCountry "SRB"]
[SourceTitle "playchess.com"]
[Source "ChessBase"]
[SourceQuality "1"]
[TimeControl "40/5400+30:1800+30"]

1. Nf3 {[%emt 0:00:00]} Nf6 {[%emt 0:00:00]} 2. g3 {[%emt 0:00:05]} d5 {[%emt 0:00:00]} 3. Bg2 {[%emt 0:00:21]} e6 {[%emt 0:00:23]} 4. O-O {[%emt 0:00:57]} Be7 {[%emt 0:00:12]} 5. b3 {[%emt 0:01:31]} O-O {[%emt 0:00:46]} 6. Bb2 {[%emt 0:00:38]} b5 {[%emt 0:03:52]} 7. c4 {[%emt 0:03:24]} c6 {[%emt 0:10:20]} 8. Ne5 {[%emt 0:10:39]} Nfd7 {[%emt 0:02:53]} 9. cxb5 {[%emt 0:07:58]} Nxe5 {[%emt 0:12:50]} 10. Bxe5 {[%emt 0:00:50]} cxb5 {[%emt 0:00:18]} 11. Bb2 {[%emt 0:09:18]} a5 {[%emt 0:01:11]} 12. Nc3 {[%emt 0:04:11]} b4 {[%emt 0:02:11]} 13. Na4 {[%emt 0:01:43]} Bd7 {[%emt 0:16:16]} 14. e4 {[%emt 0:10:27]} Bxa4 {[%emt 0:03:31]} 15. bxa4 {[%emt 0:00:34]} dxe4 {[%emt 0:06:53]} 16. Qg4 {[%emt 0:07:27]} Bf6 {[%emt 0:00:36]} 17. Bxf6 {[%emt 0:00:39]} Qxf6 {[%emt 0:00:07]} 18. Qxe4 {[%emt 0:00:26]} Ra6 {[%emt 0:03:59]} 19. a3 {[%emt 0:01:15]} Rb6 {[%emt 0:02:41]} 20. Rab1 {[%emt 0:02:51]} Na6 {[%emt 0:01:51]} 21. Qc4 {[%emt 0:05:12]} Qd8 {[%emt 0:03:49]} 22. axb4 {[%emt 0:01:46]} Nxb4 {[%emt 0:01:46]} 23. d4 {[%emt 0:03:11]} Qd7 {[%emt 0:07:12]} 24. Qc5 {[%emt 0:05:15]} Ra6 {[%emt 0:00:05]} 25. Rfd1 {[%emt 0:02:39]} Rc8 {[%emt 0:06:48]} 26. Qb5 {[%emt 0:00:58]} Qxb5 {[%emt 0:07:53]} 27. axb5 {[%emt 0:00:03]} Rb6 {[%emt 0:00:04]} 28. Bf1 {[%emt 0:01:02]} g6 {[%emt 0:02:10]} 29. Ra1 {[%emt 0:06:35]} Ra8 {[%emt 0:00:07]} 30. Ra4 {[%emt 0:01:06]} Kg7 {[%emt 0:01:25]} 31. Rda1 {[%emt 0:01:20]} Rd8 {[%emt 0:00:12]} 32. Rxa5 {[%emt 0:02:46]} Nc2 {[%emt 0:01:32]} 33. Rd1 {[%emt 0:02:41]} Nxd4 {[%emt 0:00:36]} 34. Kg2 {[%emt 0:00:45]} e5 {[%emt 0:00:15]} 35. f4 {[%emt 0:03:05]} Rc8 {[%emt 0:00:09]} 36. fxe5 {[%emt 0:00:39]} Rc2+ {[%emt 0:00:07]} 37. Kh1 {[%emt 0:00:15]} Nf3 {[%emt 0:00:19]} 38. Bg2 {[%emt 0:00:06]} Nxe5 {[%emt 0:00:05]} 39. Rb1 {[%emt 0:01:04]} Nc4 {[%emt 0:03:06]} 40. Ra6 {[%emt 0:00:00]} Rxb5 {[%emt 0:00:00]} 41. Rxb5 {[%emt 0:05:17]} Rc1+ {[%emt 0:00:23]} 42. Bf1 {[%emt 0:00:06]} Ne3 {[%emt 0:03:11]} 43. h3 {[%emt 0:02:34]} Rxf1+ {[%emt 0:01:20]} 44. Kh2 {[%emt 0:00:07]} Rf2+ {[%emt 0:00:10]} 45. Kh1 {[%emt 0:00:29]} Rf1+ {[%emt 0:01:25]} 46. Kh2 {[%emt 0:00:18]} Rf3 {[%emt 0:00:13]} 47. Rb2 {[%emt 0:06:28]} Nf5 {[%emt 0:03:08]} 48. Rg2 {[%emt 0:01:00]} Rf1 {[%emt 0:02:09]} 49. Raa2 {[%emt 0:01:41]} h5 {[%emt 0:00:45]} 50. Rgf2 {[%emt 0:00:54]} Rd1 {[%emt 0:00:35]} 51. Rfd2 {[%emt 0:00:45]} Rc1 {[%emt 0:00:27]} 1/2-1/2

[Event "Central-SRB chT 2018"]
[Site "Kragujevac"]
[Date "2018.09.18"]
[Round "7"]
[White "Savicevic, Vlatko"]
[Black "Rakhmanov, Aleksandr"]
[Result "1/2-1/2"]
[WhiteElo "2338"]
[BlackElo "2647"]
[Annotator "TA"]
[PlyCount "72"]
[EventDate "2018.09.14"]
[EventType "team-tourn"]
[EventCountry "SRB"]
[SourceTitle "playchess.com"]
[Source "ChessBase"]
[SourceQuality "1"]

{[%evp 11,72,35,43,25,62,16,41,34,43,42,43,44,43,36,49,49,72,55,57,64,87,85,114,116,131,126,147,143,113,139,129,64,65,64,72,69,75,64,70,12,14,0,0,0,0,0,0,0,0,0,0,0,0,0,0,0,0,0,0,0,0,0,0]} 1. e4 c5 2. Nf3 Nf6 3. e5 Nd5 4. Nc3 Nxc3 5. dxc3 e6 6. Bc4 {B29: Sicilian: 2 Nf3 Nf6 (Nimzowitsch Variation)} (6. Bf4 b6 7. Qd2 Bb7 8. O-O-O Qc7 9. h4 h6 10. h5 Nc6 11. Bg3 O-O-O 12. Rh4 Ne7 13. Ra4 {0-1 (41) Nepomniachtchi,I (2751)-Svidler,P (2747) Zuerich 2017}) 6... Nc6 {LiveBook: 69 Games} 7. Qe2 Qb6 $146 ({Predecessor:} 7... Be7 8. h4 d5 9. exd6 Qxd6 10. Bg5 Bxg5 11. hxg5 Bd7 12. Rd1 Qe7 13. Kd2 O-O-O {½-½ (28) Karlik,O (2193)-Bazant,P (2228) Czech Republic 2018}) 8. a3 {White is slightly better.} h6 9. O-O Qc7 10. Bf4 b6 11. Rfe1 Bb7 12. Bg3 $36 {[%mdl 2048] Black is under pressure.} Be7 13. Rad1 g5 14. h3 {[%cal Bh2h3,Bh3h4][%mdl 32]} O-O-O 15. Ba6 h5 16. Bxb7+ Qxb7 17. Nd2 g4 18. h4 d5 19. exd6 $1 Bxd6 20. Bxd6 Rxd6 21. Nc4 (21. Ne4 $16 Rxd1 22. Rxd1) 21... Rxd1 $14 22. Rxd1 {[#] Threatens to win with Nd6+.} Qc7 $1 23. Qe4 Rd8 24. Rxd8+ Kxd8 25. Qh7 (25. Ne3 $14) 25... Qf4 $11 {The position is equal.} 26. Qd3+ Ke7 27. g3 Qf3 28. Qd6+ Kf6 ({Reject} 28... Ke8 $6 29. Ne3 $14) 29. Qd2 {[%csl Gh4][%cal Rd2g5] [#]} Qd5 30. Qh6+ Ke7 31. Ne3 Qe5 32. Qh7 Na5 33. Qg8 Nc4 34. Nxc4 Qe1+ 35. Kg2 Qe4+ 36. Kg1 Qe1+ {Precision: White = 60%, Black = 57%.} 1/2-1/2